| 000 | 00383nam a2200157Ia 4500 | ||
|---|---|---|---|
| 008 | 230312s9999||||xx |||||||||||||| ||und|| | ||
| 020 | _a9788120322578 | ||
| 082 |
_a621.3815 _bRAB-D |
||
| 100 | _aRabaey, Jan M. | ||
| 245 | 0 | _aDigital Integrated Circuits | |
| 260 |
_bPrentice Hall of India _aIndia _c2007 |
||
| 300 | _a761 | ||
| 546 | _aEng. | ||
| 650 | _aEngineering | ||
| 942 | _cBK | ||
| 999 |
_c4737 _d4737 |
||